000 00968nam a2200229 i 4500
001 33932
003 ES-MaACL
005 20240425063207.0
007 t|
008 030304s1877 sp ||||1| spa d
080 _a378.663(460.27 M.)(091)
100 1 _aCastel y Clemente, Carlos,
_d1845-1903
_936472
245 1 0 _aNoticia sobre la fundación y desarrollo de la Escuela Especial de Ingenieros de Montes /
_cpor Carlos Castel y Clemente.
260 _aMadrid :
_b[s.n.],
_c1877 (
_fTipografía Estereotipia Perojo)
300 _a102 p. ;
_c23 cm.
530 _aDisponible también en sitio web.
610 2 4 _aEscuela Especial de Ingenieros de Montes (Madrid)-
_vHistoria.
_9150367
852 _aES-MaACL
_jT-334-F-1
852 _aES-MaACL
_jG-9533(4)
_q. - Encuadernado con otras obras
856 _uhttp://bibliotecadigitalhispanica.bne.es:80/webclient/DeliveryManager?pid=1855273&custom_att_2=simple_viewer
_zIr a la página
999 _c33932
_d33932